000 00377nam a2200157Ia 4500
100 _aDougherty/Geoff
650 _aimage processing
942 _cBK
366 _f25
245 _aDigital image processing for medical applications
260 _bCambridge University Press
_c2009
082 _a621.367
_bDOU
300 _a447
546 _aENGLISH
_cPAMPHALETS
999 _c30902
_d30902